| 000 | 00985cab a2200265 4500 | ||
|---|---|---|---|
| 001 | ABS56736 | ||
| 008 | 090401t1997 xxu||||| |||| 00| 0 eng d | ||
| 035 | _a(Sirsi) u77405 | ||
| 041 | _aeng | ||
| 100 | _aMartin, J. | ||
| 245 | _aBusiness tenancies - the proposed reforms | ||
| 260 | _c1997 | ||
| 350 | _a0 | ||
| 490 |
_aRent Review & Lease Renewal _v17(1) 1997, 26-33(8) |
||
| 520 | _aReviews the proposals in the DoE consultation paper issued in July 1996 which stated that recommendations made in 1992 by the Law Commission should be implemented almost in their entirety. Gives the views of Eversheds to the proposals and looks at the likely effect of implementation. | ||
| 650 | _aBUSINESS TENANCIES | ||
| 650 | _aPROPERTY-COMMERCIAL PROPERTY | ||
| 650 | _aCONSULTATION PAPER | ||
| 650 | _aLANDLORD AND TENANT ACT 1954 | ||
| 650 | _aLAW COMMISSION | ||
| 650 | _aREFORM | ||
| 690 | _aLANDLORD AND TENANT-BUSINESS TENANCIES | ||
| 942 | _n0 | ||
| 948 | _c26/03/1997 | ||
| 999 |
_c48662 _d48662 |
||